| 000 | 00764nam a2200217 a 4500 | ||
|---|---|---|---|
| 001 | ASIN8176483001 | ||
| 003 | OSt | ||
| 005 | 20170105102859.0 | ||
| 008 | 131008s2003 xxu eng d | ||
| 020 | _a8176483001 (hardcover) | ||
| 020 | _a9788176483001 (hardcover) | ||
| 040 | _a0 | ||
| 082 | _a370.3 | ||
| 100 | 1 | _aRao, V. K. | |
| 245 | 1 | 0 |
_aEncyclopaedia of educational development / _cby V. K. Rao. |
| 260 |
_aNew Delhi : _bAPH Publishing Corporation, _c2008. |
||
| 300 | _a2040 p. | ||
| 500 | _av. 1. education system. -- v. 2. education technology. -- v. 3. vocational education. -- v. 4. higher education. -- v. 5. distance education. | ||
| 856 | 4 | 0 |
_3Amazon.com _uhttp://www.amazon.com/exec/obidos/ASIN/8176483001/chopaconline-20 |
| 942 |
_2ddc _cREF |
||
| 999 |
_c14592 _d14592 |
||